000 00538nam a2200181Ia 4500
999 _c3548
_d3548
003 OSt
005 20200814100850.0
008 190216s9999||||xx |||||||||||||| ||und||
020 _a9788180940620
040 _coclc
082 _a547.1223
_bRAM/S
100 _aRamani, Alex V
_94116
245 0 _aStereochemistry /
_cAlex V Ramani ; Leo A Stanley ; Mani C
260 _bM J P Publications,
_c2011.
_aChennai:
300 _a222p
650 _aStereo Chemistry
942 _cBK
_2ddc
_h547.1223
_iRAM/S
_k547.1223
_mRAM/S